| 000 | 00745nam a2200241 i 4500 | ||
|---|---|---|---|
| 001 | 139242 | ||
| 003 | ES-MaACL | ||
| 005 | 20250701212934.0 | ||
| 007 | t| | ||
| 008 | 070214s1967 sp r ||||1| spa d | ||
| 100 | 1 |
_aSciacca, Michele Federico. _9104923 |
|
| 245 | 1 | 3 |
_aLa libertad y el tiempo / _cMichele Federico Sciacca ; [traducción directa por Juan José Ruiz Cuevas]. |
| 250 | _a1ª ed. | ||
| 260 |
_aBarcelona : _bMiracle, _c1967. |
||
| 300 |
_a339 p. ; _c22 cm. |
||
| 490 | 1 | _aBiblioteca Filosófica | |
| 650 | 0 | 4 |
_aLibertad. _914400 |
| 650 | 0 | 4 |
_aTiempo. _917529 |
| 700 | 1 |
_aRuiz Cuevas, Juan José. _9100717 |
|
| 830 | 0 | 0 |
_aBiblioteca filosófica _9179275 |
| 852 |
_aES-MaACL _jC-34951 _bR.67581 |
||
| 999 |
_c139242 _d139242 |
||